Magyar művészet Romániában a kisebbségi lét szorításában
Elmentve itt :
| Szerző: | |
|---|---|
| Adatforrás: | Meister |
| Forrásdokumentuma: | Korunk. - 9 sz., 1993, 52-59 p. |
| Nyelv: | magyar |
| Kulcsszavak: | művészettörténet művelődéspolitika magyar művészet (romániai) Románia |
| LEADER | 00467nab a2200157 i 4500 | ||
|---|---|---|---|
| 001 | bibPRO00002573 | ||
| 008 | 060524s1993 xx hun | ||
| 040 | |a Sz1 | ||
| 041 | |a hun | ||
| 100 | 1 | |a GAZDA József | |
| 245 | 1 | 0 | |a Magyar művészet Romániában a kisebbségi lét szorításában |c GAZDA József |
| 695 | |a művészettörténet | ||
| 695 | |a művelődéspolitika | ||
| 695 | |a magyar művészet (romániai) | ||
| 695 | |a Románia | ||
| 773 | 0 | |t Korunk. - |g 9 sz., 1993, 52-59 p. | |